[Event "6th Sinquefield Cup GCT 2018"]
[Site "Saint Louis"]
[Date "2018.08.27"]
[Round "9"]
[White "So, Wesley"]
[Black "Caruana, Fabiano"]
[Result "1/2-1/2"]
[WhiteElo "2780"]
[BlackElo "2822"]
[Annotator "TA"]
[PlyCount "70"]
[EventDate "2018.08.18"]
[EventType "tourn"]
[EventCountry "USA"]
[SourceTitle "playchess.com"]
[Source "ChessBase"]
[SourceQuality "1"]

{[%evp 11,70,15,17,0,6,6,1,0,13,5,19,4,8,0,0,0,0,0,0,0,0,0,0,0,0,0,0,0,0,0,0,-18,-9,-16,0,0,0,-7,-6,-10,-8,-10,-8,-10,-10,-13,-5,-8,-7,-7,-7,-14,-11,-14,0,-14,0,-14,0,-18,0]} 1. e4 e5 2. Nf3 Nf6 3. Nxe5 d6 4. Nd3 (4. Nf3 Nxe4 5. Nc3 Nxc3 6. dxc3 Be7 7. Be3 O-O 8. Qd2 b6 9. O-O-O Bb7 10. h4 Nd7 11. Bd3 Re8 12. Kb1 Bf6 13. Rh3 Nc5 14. Bxc5 bxc5 15. g4 c4 16. Bxc4 {½-½ (26) Caruana,F (2822)-Mamedyarov,S (2808) Stavanger 2018}) (4. Nf3 Nxe4 5. Bd3 d5 6. O-O Be7 7. Re1 Nd6 8. c3 O-O 9. Bc2 c6 10. d4 Bf5 11. Bf4 Bxc2 12. Qxc2 Na6 13. Nbd2 Nc7 {½-½ (46) So,W (2786)-Caruana,F (2804) Saint Louis 2018}) 4... Nxe4 5. Qe2 Qe7 6. Nc3 {C42: Russische Verteidigung (Petrow)} Nf6 {LiveBook: 3 Partien. Die Stellung ist ausgeglichen.} 7. b3 Nc6 $146 ({Vorgänger:} 7... c6 8. Qxe7+ Bxe7 9. Ba3 O-O 10. O-O-O Rd8 {½-½ (10) Dvalishvili,P (2399)-Ulko,J (2476) Moscow 2011}) 8. Bb2 Bf5 9. Nf4 O-O-O 10. Qxe7 Nxe7 (10... Bxe7 {is interesting.} 11. Ncd5 Nxd5 12. Nxd5 Bg5 13. Ne3 Bxe3 14. dxe3 Nb4) 11. O-O-O Ng6 12. Bd3 Bd7 13. Nxg6 hxg6 14. Ne4 Nxe4 15. Bxe4 g5 16. h3 c6 17. c4 Be6 18. Bf3 d5 19. d3 f6 20. Rhe1 Bf7 21. cxd5 Bxd5 22. Bxd5 Rxd5 23. Re8+ Rd8 24. Rxd8+ Kxd8 $11 {[%mdl 4096] Endspiel KTL-KTL} 25. Re1 Bc5 26. f3 Re8 27. Re4 Kd7 28. Kc2 Bd6 29. a4 a6 30. Bc3 b5 31. Bb2 Re6 32. Bc3 Re8 33. Bb2 Re6 34. Bc3 Re8 35. Bb2 $1 Re6 {Precision: Weiß = 74%, Schwarz = 64%.} 1/2-1/2

[Event "6th Sinquefield Cup GCT 2018"]
[Site "Saint Louis"]
[Date "2018.08.27"]
[Round "9"]
[White "Karjakin, Sergey"]
[Black "Vachier-Lagrave, Maxime"]
[Result "1/2-1/2"]
[WhiteElo "2773"]
[BlackElo "2779"]
[Annotator "TA"]
[PlyCount "238"]
[EventDate "2018.08.18"]
[EventType "tourn"]
[EventCountry "USA"]
[SourceTitle "playchess.com"]
[Source "ChessBase"]
[SourceQuality "1"]

{[%evp 23,237,27,32,22,21,8,26,8,8,18,31,9,10,0,1,0,14,-2,-3,-63,-62,-91,0,0,0,0,-11,-14,0,0,29,-17,-18,-20,0,-8,0,-31,0,-52,-8,-31,-35,-79,-62,-73,-71,-97,-97,-97,-91,-96,-46,-58,-45,-85,-85,-82,-74,-85,-84,-85,-78,-79,-60,-60,-59,-72,-62,-62,-31,-27,-37,-27,-24,-34,-34,-88,-66,-66,-62,-79,-74,-79,-79,-72,-81,-81,-39,-56,-40,-72,-25,-167,-176,-169,-122,-99,-108,-160,-70,-70,-70,-70,-10,-10,-10,-10,-10,-35,-10,-16,0,-70,-46,-122,-122,-186,-189,-326,-262,-496,-442,-489,-411,-789,-793,-789,-122,-592,-233,-233,-99,-220,-99,-99,-99,-99,-99,-99,-99,-99,-48,-55,-55,-55,-62,-62,-70,-99,-99,-99,-99,-99,-99,-99,-99,-99,-99,-99,0,-99,-99,-99,0,-99,-99,-99,-99,-99,-99,-99,-99,-99,-99,-99,-8,-8,-8,-8,0,-8,-8,-8,-8,-8,0,0,0,0,0,0,0,-8,-8,-8,-8,-8,-8,-8,0,-8,-8,-8,-8,-8,0,0,0,0,0,0,0,0,0,0]} 1. d4 {Schulz,André} Nf6 2. c4 g6 3. Nc3 d5 4. cxd5 Nxd5 5. e4 Nxc3 6. bxc3 Bg7 7. Bc4 c5 8. Ne2 Nc6 9. Be3 O-O 10. O-O Bg4 11. f3 Bd7 12. Rb1 Qc7 {LiveBook: 99 Partien} 13. h4 $146 {D87: Grünfeldindisch (Abtauschvariante, Botwinnik-Variante)} (13. Bd3 {with more complications.} Rfd8 14. Qd2 a6 15. h3 Na5 16. d5) ({Vorgänger:} 13. Qd2 Rad8 14. Rfc1 Na5 15. Bd3 e5 16. Bh6 b6 17. Bxg7 Kxg7 18. f4 f6 19. fxe5 fxe5 20. Qg5 cxd4 21. cxd4 {0-1 (101) Aronian,L (2784)-Areshchenko,A (2672) Baku 2015 CBM 169 [Schulz,André]}) 13... cxd4 14. cxd4 Nxd4 {[#]} 15. Bxf7+ $1 {[%mdl 512] Weiß hat minimalen Vorteil.} Rxf7 16. Nxd4 Rd8 17. Qb3 Qg3 18. Ne2 Qxh4 19. Bf2 Qf6 (19... Qh5 {looks sharper.} 20. Qxb7 Be5 21. Ng3 Qg5 22. Rfd1 Bxg3 23. Bxg3 Qxg3 24. Rxd7 Rxd7 25. Qxd7 Rxf3 26. Qxe7 Qf2+) 20. Rfd1 $132 {[%mdl 2048] Weiss is not keeping still} b6 21. Qa3 (21. Rd3 $11) 21... e6 22. Rd2 Be8 {[#]} (22... Bf8 $17 23. Qd3 Rc8) 23. e5 $1 $11 {[%cal Re5f6][%mdl 512]} Qf5 (23... Qxe5 24. Rxd8) 24. Rxd8 Qxb1+ 25. Kh2 Rf8 26. Ng3 {Droht De7 und aus.} Bxe5 27. Qxa7 Qb4 28. Kg1 $1 Qb1+ 29. Kh2 $1 Qb4 30. Kg1 $1 Bf6 31. Rd1 ({Lieber} 31. Rc8 $11) 31... Ba4 32. Rf1 (32. Re1 {is more complex.} Bd4 33. Rxe6 Bc6 34. Qc7 Bxf2+ 35. Kxf2 Qd4+ 36. Re3) 32... Bc6 33. Qxb6 Qxb6 34. Bxb6 Ra8 35. Rf2 Bd5 36. Ne4 Be5 37. Re2 Bxa2 38. Ng5 Bd6 39. Kf2 Bc4 40. Rd2 Be7 (40... Ra2 {feels hotter.} 41. Rxa2 Bxa2 42. Ne4 Be5 43. g4 Bd5) 41. Be3 Bd5 42. Rc2 h6 43. Ne4 Bxe4 44. fxe4 $17 {[%mdl 4096] Endspiel KTL-KTL} h5 45. Rc7 Bf6 46. Rc6 Ra2+ 47. Kf3 Ra3 48. Ke2 Kf7 49. Rc7+ Ke8 50. Rh7 (50. Rc8+ $15 Ke7 51. Rb8 Ra2+ 52. Kf3) 50... Rb3 51. Ra7 Rb2+ 52. Kf3 g5 {[%cal Bg6g5,Bg5g4][%mdl 32]} 53. e5 g4+ 54. Ke4 Rb4+ 55. Kd3 Bd8 56. Ra8 Kd7 57. g3 Bc7 58. Bd4 (58. Bf4 $1 $11 {und Weiss muss sich keine Sorgen machen.}) 58... Kc6 $1 $19 59. Bc3 Rb8 60. Ra6+ Rb6 $1 {[%cal Rb6a6]} 61. Ra8 (61. Ra4 $142) 61... Rb5 ({Günstiger ist} 61... Rb3 $17 62. Kd4 Rb5 63. Ra6+ Bb6+ 64. Ke4 Kc7) 62. Ke4 $15 Rb3 63. Bd4 $1 Bb8 ({Besser ist} 63... Rb4 $15 64. Ra6+ Kd7) 64. Ra6+ $11 Kd7 65. Ra8 $1 Rb1 66. Bf2 Rb4+ 67. Bd4 Bc7 (67... Kd8 $11) 68. Kd3 $1 $15 Rb8 69. Ra7 (69. Ra3 $1 $15) 69... Rb5 70. Kc4 (70. Bc3 $17 {ist wohl besser.}) 70... Ra5 $19 71. Rb7 (71. Kd3 {einziger Zug.}) 71... Kc6 72. Rb3 $2 (72. Rb1) 72... Bxe5 73. Rb6+ Kd7 74. Bxe5 (74. Bf2 $142) 74... Rxe5 {KT-KT} 75. Kd4 Ra5 $2 (75... Rd5+ $19 76. Ke4 Ra5) 76. Ke4 $2 {[%mdl 8192]} (76. Rb7+ $17 {nur so!} Kd6 77. Rh7) 76... Ke7 $1 {[%cal Re7f6]} 77. Rb8 Ra3 (77... Kf6 $19 {ist viel giftiger. Weiss muss nun ...Ta3 beachten.} 78. Rh8 Ra4+ 79. Ke3 Ra3+ 80. Kf2 Kg6) 78. Rh8 (78. Rb5 $17) 78... Rxg3 (78... Ra4+ $1 $19 {bietet bessere Gewinnchancen.} 79. Ke5 Kf7) 79. Rxh5 $17 Ra3 {...g3 ist eine echte Drohung.} 80. Kf4 Ra4+ 81. Kg3 Kd6 82. Rh8 Kd5 (82... e5 $17 83. Rd8+ Kc5 84. Rc8+ Kd5) 83. Rd8+ $1 $15 Ke5 84. Rb8 Rd4 85. Ra8 Re4 86. Ra5+ Kf6 87. Ra8 e5 88. Rf8+ Ke6 89. Re8+ Kd5 90. Rd8+ Kc4 91. Ra8 Kd5 92. Rd8+ Kc5 93. Rc8+ Kd4 $1 94. Ra8 (94. Rd8+ $11 {hält das Gleichgewicht.} Kc5 95. Rc8+ Kd4 96. Rd8+ Kc4 97. Ra8) 94... Rf4 $17 95. Re8 Ke4 96. Rg8 Rf3+ 97. Kxg4 {[#]} Rf1 $1 {[%cal Rf1g1]} 98. Kh3 {[#]} Ke3 $1 99. Kg2 Ra1 (99... Rf2+ $17 100. Kg3 Rf3+ 101. Kg4 Rf4+ 102. Kg3 Rf7) 100. Rg3+ $11 {Die Stellung ist ausgeglichen.} Ke2 {zielt auf ...e4 ab.} 101. Rg4 Ke3 {Droht stark ...e4.} 102. Rg3+ Kd2 103. Rg4 Re1 {Und weiter mit ...e4 wäre nett.} 104. Ra4 e4 105. Ra2+ Ke3 106. Ra3+ Kf4 107. Kf2 Rb1 108. Ke2 Rb2+ 109. Ke1 Ke5 110. Ra4 Kf5 {und nun wäre ...Tb3 stark für Schwarz.} 111. Ra8 Kf4 {Schwarz will ...Kf3 spielen.} 112. Ra3 Rh2 113. Kf1 Rd2 {Droht ...Td3.} 114. Ke1 Rd3 115. Rxd3 exd3 {[%cal Be4d3,Bd3d2][%mdl 32]} 116. Kd2 Ke4 117. Kd1 Ke3 {( -> ...d2)} 118. Ke1 d2+ 119. Kd1 Kd3 $2 {[%mdl 8192] Precision: Weiß = 49%, Schwarz = 56%.} (119... Ke4 120. Kxd2) 1/2-1/2

[Event "6th Sinquefield Cup GCT 2018"]
[Site "Saint Louis"]
[Date "2018.08.27"]
[Round "9"]
[White "Anand, Viswanathan"]
[Black "Mamedyarov, Shakhriyar"]
[Result "1/2-1/2"]
[WhiteElo "2768"]
[BlackElo "2801"]
[Annotator "TA"]
[PlyCount "117"]
[EventDate "2018.08.18"]
[EventType "tourn"]
[EventCountry "USA"]
[SourceTitle "playchess.com"]
[Source "ChessBase"]
[SourceQuality "1"]

{[%evp 31,117,20,20,14,23,19,30,34,23,29,28,16,28,20,38,23,30,27,34,37,39,35,31,39,45,25,33,19,26,29,23,19,19,27,38,37,27,24,36,36,35,40,39,37,37,44,45,25,31,17,33,36,27,25,29,27,62,47,54,12,29,12,12,19,12,12,12,12,12,0,0,0,0,0,0,0,0,0,0,0,0,0,0,0,0,0,0,0]} 1. e4 e5 2. Nf3 Nc6 3. Bb5 a6 4. Ba4 Nf6 5. O-O Nxe4 6. d4 b5 7. Bb3 d5 {[%cal Bd7d5,Bd5d4,Bd4d3][%mdl 32]} 8. dxe5 Be6 9. Nbd2 Nc5 10. c3 Be7 11. Bc2 d4 12. Nb3 {C83: Open Ruy Lopez: 9 c3 Be7} d3 13. Bb1 Nxb3 14. axb3 Bf5 15. Re1 (15. b4 O-O 16. h3 Qd7 17. Bf4 Rfd8 18. g4 Bg6 19. Bg3 h5 {1-0 (56) Caruana,F (2822)-Mamedyarov,S (2801) Saint Louis 2018}) (15. Bf4 O-O 16. h3 Qd7 17. b4 Rfd8 18. g4 Bg6 19. Bg3 h5 {½-½ (37) Anand,V (2776)-Mamedyarov,S (2761) Moscow 2016}) 15... O-O 16. Be3 Qd5 {LiveBook: 14 Games} 17. Bd4 d2 18. Re2 Bxb1 19. Rxb1 Nxd4 20. Nxd4 Bg5 $146 21. g3 c5 22. Nf5 Qd3 23. Nd6 {Strongly threatening f4.} Qg6 $1 24. h4 Bh6 {[#]} 25. h5 $1 {[%mdl 512]} Qxh5 26. Rxd2 Qxe5 27. Rd5 Qf6 28. Ra1 g6 29. Ne4 {[%cal Bd6e4,Be4c5,Bc5d7,Bd7e5][%mdl 32]} Qc6 30. Nxc5 Rfe8 31. b4 Bf8 32. Nd7 Re6 33. Ne5 Qe8 34. Nd7 h5 35. Qf3 {[#] And now Nf6+ would win.} Qe7 36. Nc5 Rf6 37. Qe4 Qxe4 38. Nxe4 Rc6 39. Nd2 Re8 40. Kf1 Rf6 41. Nb3 Re4 42. Rd8 {Threatens to win with Nc5.} Kg7 43. Ra8 Ree6 44. Nd4 Rd6 45. Kg2 Be7 46. Re1 Rd8 {The position is equal.} 47. Ra7 Bxb4 $1 {...Rxd4! is the strong threat.} 48. Ne6+ $1 Rxe6 49. Rxe6 $11 {[%mdl 4096] Endgame KRR-KRB} Bc5 50. Rc7 Rd2 51. Rxg6+ (51. Rxa6 {with more complications.} Bxf2 52. Kf3 Rxb2 53. Ra1 b4 54. cxb4 Bd4 55. Re1) 51... Kxg6 52. Rxc5 Rxb2 {KR-KR} 53. Rc6+ f6 54. Rxa6 Rc2 55. Rb6 Rc1 56. Rb7 Rc2 57. Rb6 Rc1 58. Rb7 Rc2 59. Rb6 {Precision: White = 63%, Black = 80%.} 1/2-1/2

[Event "6th Sinquefield Cup GCT 2018"]
[Site "Saint Louis"]
[Date "2018.08.27"]
[Round "9"]
[White "Aronian, Levon"]
[Black "Grischuk, Alexander"]
[Result "1-0"]
[WhiteElo "2767"]
[BlackElo "2766"]
[Annotator "TA"]
[PlyCount "67"]
[EventDate "2018.08.18"]
[EventType "tourn"]
[EventCountry "USA"]

{[%evp 11,67,20,19,18,23,31,31,25,29,12,17,12,29,0,0,0,0,0,8,0,0,0,0,0,0,-189,-176,-186,-182,-188,-181,-188,-68,-69,-72,-67,-76,-65,-66,-90,0,0,0,0,0,0,0,0,794,774,1028,1006,1410,1545,1414,1400,29998,29999]} 1. d4 Nf6 2. Nf3 d6 3. g3 Nbd7 4. Bg2 e5 5. c4 c6 6. Nc3 e4 7. Nh4 {A54: Old Indian Defence with Nf3, but without e4} d5 8. O-O Bb4 9. cxd5 {White is slightly better.} cxd5 10. f3 $146 {[%cal Rf3e4]} ({Predecessor:} 10. Nf5 O-O 11. Qb3 Bxc3 12. Qxc3 Nb6 13. Ne3 Be6 14. b3 Qd7 {0-1 (57) Kovalenko,I (2642)-Kabanov,N (2501) Moscow 2014}) 10... Bxc3 11. bxc3 O-O 12. Ba3 {Hoping for fxe4.} Re8 13. Nf5 Nb6 14. Nd6 Nc4 15. Nxc4 dxc4 16. fxe4 Nxe4 17. Qc2 $1 Qd5 18. Rxf7 $2 (18. Rf3 $11) 18... Kxf7 $19 ({Stronger than} 18... Qxf7 19. Bxe4 Bg4 20. Re1 $11 (20. Bxh7+ Kh8 $11)) 19. Rf1+ Bf5 $1 20. g4 g6 21. Qc1 {[#]} Kg7 (21... Re6 $1 $19 22. Qh6 (22. gxf5 $2 gxf5 23. Qg5 Rf6 $19) 22... Kg8) 22. gxf5 $15 gxf5 {aiming for ...Re6.} 23. Bxe4 fxe4 24. Qf4 h6 $1 25. Qc7+ Kh8 ({Black should play} 25... Kg6 $17 {White must now prevent ...Rac8.} 26. Kf2 Rad8 27. Rg1+ Kh5) 26. Bd6 $1 $40 {[%mdl 128] White has some attack.} Rg8+ 27. Kf2 $1 {Be5+ is the strong threat.} Rg6 28. Be5+ Kg8 {Strongly threatening ...Rf8+.} 29. Ke3 Rd8 $2 {[%mdl 8192] [#]} (29... b5 $11) 30. Qe7 $1 $18 b5 31. h4 {[%cal Bh2h4,Bh4h5][%mdl 32]} a5 32. h5 Rg5 33. Rf6 Rxe5 34. Rg6+ {Precision: White = 61%, Black = 67%.} 1-0

[Event "6th Sinquefield Cup GCT 2018"]
[Site "Saint Louis"]
[Date "2018.08.27"]
[Round "9"]
[White "Aronian, Levon"]
[Black "Grischuk, Alexander"]
[Result "*"]
[WhiteElo "2767"]
[BlackElo "2766"]
[Annotator "Reeh,Oliver"]
[PlyCount "67"]
[EventDate "2018.08.18"]
[EventType "tourn"]
[EventCountry "USA"]

1. d4 Nf6 2. Nf3 d6 3. g3 Nbd7 4. Bg2 e5 5. c4 {[%csl Gd6,Gd7,Ge5][%cal Gf8e7,Gg7g6,Gf8b4]} c6 6. Nc3 e4 (6... Be7 7. O-O O-O 8. Qc2 Re8 9. Rd1 Bf8 10. e4 b6 11. h3 Qc7 12. Be3 Bb7 13. Rac1 Rac8 {[%csl Ga6][%cal Ge5d4,Gb6b5] 1-0 (39) Istratescu,A (2639)-Hickl,J (2588) Switzerland 2015}) 7. Nh4 d5 {[%csl Gf8]} 8. O-O Bb4 {[%csl Gd5,Gg2,Gh4]} (8... Nb6 9. c5 Nc4 10. b3 Na5 11. f3 exf3 12. Nxf3 Be7 13. Ne5 O-O 14. e4 Nxe4 15. Nxe4 dxe4 16. Bxe4 f5 17. Bc2 {1-0 (17) Fressinet,L (2693)-Bauer,C (2679) Nancy 2012}) 9. cxd5 (9. f3 {[%csl Ge4]} exf3 10. Bxf3 Qa5 11. e4 Bxc3 12. exd5 Bb4 13. Qe2+ Kd8 {½-½ (41) Jussupow,A (2575)-Vaganian,R (2565) Moscow (Russia) 1981}) 9... cxd5 10. f3 {[%csl Gd1]} (10. Qb3 {[%cal Gf2f3]}) 10... Bxc3 {[%csl Gc1][%cal Gc1a3,Gc1f4,Gf4g5] Nach 42 Minuten!} 11. bxc3 O-O 12. Ba3 Re8 13. Nf5 Nb6 14. Nd6 Nc4 (14... Re6 15. fxe4 dxe4 16. c4 {[%cal Ge6d6,Ga3d6,Gd8d6,Gc4c5]}) 15. Nxc4 (15. Nxe8 Qxe8 {[%csl Gc4,Ge4][%cal Gf3e4]}) 15... dxc4 {[%cal Ge4f3]} 16. fxe4 Nxe4 17. Qc2 Qd5 18. Rxf7 $3 Kxf7 (18... Qxf7 19. Bxe4 Rxe4 20. Qxe4 Bh3 {[%csl Gf8]}) 19. Rf1+ {[%csl Gc8]} Bf5 (19... Kg8 20. Bxe4 {[%cal Gf1f8,Ga3f8]}) 20. g4 g6 21. Qc1 {[%csl Gf5][%cal Gc1h6,Ga3f8]} Kg7 (21... Re6) 22. gxf5 gxf5 23. Bxe4 $5 fxe4 (23... Rxe4 24. Qg5+ Kh8 25. Qf6+ {[%cal Gf6g5]}) 24. Qf4 {[%cal Gf4c7]} h6 25. Qc7+ Kh8 (25... Kg6 $5 {[%csl Ga3][%cal Gg6h5]} 26. Qg3+ (26. Rf2 {[%cal Gg6h5]} Rg8 {[%cal Gg6h5]}) 26... Qg5 {[%csl Gg3]}) 26. Bd6 {[%csl Ge5][%cal Gd6g3]} Rg8+ {[%csl Gg6,Gh5,Gh8][%cal Gg6h5]} 27. Kf2 Rg6 28. Be5+ Kg8 29. Ke3 {[%cal Gh2h4,Gh4h5]} Rd8 $4 (29... Rf8 30. Qe7 $1 {[%csl Ga7,Gb7]} (30. Rxf8+ Kxf8 {[%cal Gc7b8,Gb8a7]} 31. Qb8+ Kf7 32. Qxa7 Ra6 33. Qb8 {[%csl Ga2]} Rxa2 34. Qh8) 30... Rxf1 (30... Qd8 31. Rxf8+ Qxf8 32. Qxb7 {[%csl Ga7,Gc4,Ge4]}) 31. Qe8+ {[%cal Ge8g6]}) (29... Re8) 30. Qe7 b5 (30... Qd7 31. Rf8+) 31. h4 a5 (31... h5 32. Rf5 {[%cal Gf5h5,Gh5h8]}) 32. h5 Rg5 33. Rf6 {[%cal Gf6h6]} Rxe5 34. Rg6+ *